Principles of education (Philosophical & sociological foundations of education) (Record no. 2186)
[ view plain ]
| 000 -LEADER | |
|---|---|
| fixed length control field | 00561cam a2200205ua 4500 |
| 001 - CONTROL NUMBER | |
| control field | 2329 |
| 005 - DATE AND TIME OF LATEST TRANSACTION | |
| control field | 20260515113456.0 |
| 008 - FIXED-LENGTH DATA ELEMENTS--GENERAL INFORMATION | |
| fixed length control field | 110804n ii |||gr||||Z||||||eng |
| 020 ## - INTERNATIONAL STANDARD BOOK NUMBER | |
| International Standard Book Number | 81-7339-423-7 |
| 040 ## - CATALOGING SOURCE | |
| Transcribing agency | MAIN |
| 082 ## - DEWEY DECIMAL CLASSIFICATION NUMBER | |
| Classification number | 370 |
| 100 1# - MAIN ENTRY--PERSONAL NAME | |
| Personal name | Sharma, Mukul Kr., |
| Relator term | Author. |
| 245 1# - TITLE STATEMENT | |
| Title | Principles of education (Philosophical & sociological foundations of education) |
| Statement of responsibility, etc. | by Mukul Kr. Sharma |
| 250 ## - EDITION STATEMENT | |
| Edition statement | 1st. |
| 260 ## - PUBLICATION, DISTRIBUTION, ETC. | |
| Place of publication, distribution, etc. | Dbugarh: |
| Name of publisher, distributor, etc. | Banalata, |
| Date of publication, distribution, etc. | 2007. |
| 300 ## - PHYSICAL DESCRIPTION | |
| Extent | 475p: |
| Dimensions | 23cm. |
| 653 ## - INDEX TERM--UNCONTROLLED | |
| Uncontrolled term | Education |
| 653 ## - INDEX TERM--UNCONTROLLED | |
| Uncontrolled term | Principles of education |
| 942 ## - ADDED ENTRY ELEMENTS (KOHA) | |
| Koha item type | Books |
| Withdrawn status | Lost status | Damaged status | Not for loan | Home library | Current library | Shelving location | Date acquired | Total checkouts | Full call number | Barcode | Date last seen | Date last checked out | Copy number | Price effective from | Koha item type |
|---|---|---|---|---|---|---|---|---|---|---|---|---|---|---|---|
| Naharkatiya College Library | Naharkatiya College Library | General stacks | 09/19/2020 | 1 | 370 | SHA | 18412 | 10/19/2022 | 10/15/2022 | 1 | 09/19/2020 | Books |